Villes créatives de l'UNESCO "Musique" Dans quel pays sont-elles ? - Statistiques

Statistiques générales
  • Ce quiz a été pris 9 fois
  • Le résultat moyen est 29 sur 47
Statistiques - réponses
Année Ville Pays % Correct
2012 Bogota Colombie
100%
2013 Brazzaville Congo
100%
2006 Séville Espagne
100%
2019 Metz France
100%
2023 Toulouse France
100%
2006 Bologne Italie
100%
2015 Kinshasa RD Congo
100%
2008 Glasgow Royaume-Uni
100%
2015 Liverpool Royaume-Uni
100%
2023 Montreux Suisse
100%
2014 Hanovre Allemagne
88%
2014 Mannheim Allemagne
88%
2015 Adélaïde Australie
88%
2009 Gand Belgique
88%
2017 Kansas City États-Unis
88%
2015 Kingston Jamaïque
88%
2017 Auckland Nouvelle-Zélande
88%
2019 Saint-Domingue République dominicaine
88%
2015 Tongyeong Corée-du-Sud
75%
2014 Hamamatsu Japon
75%
2017 Norrköping Suède
75%
2019 Valparaíso Chili
63%
2015 Medellin Colombie
63%
2017 Daegu Corée-du-Sud
63%
2017 Chennai Inde
63%
2015 Katowice Pologne
63%
2019 Kazan Russie
63%
2017 Brno Tchéquie
63%
2017 Praia Cap-Vert
50%
2019 Llíria Espagne
50%
2019 Veszprem Hongrie
50%
2017 Almaty Kazakhstan
50%
2019 Essaouira Maroc
50%
2015 Salvador Brésil
38%
2017 Pesaro Italie
38%
2019 Port-d'Espagne Trinité-et-Tobago
38%
2019 Kırşehir Turquie
38%
2015 Varanasi Inde
25%
2015 Idanha-a-Nova Portugal
25%
2017 Amarante Portugal
25%
2019 Leiria Portugal
25%
2017 Frutillar Chili
13%
2019 Valledupar Colombie
13%
2019 Sanandadj Iran
13%
2017 Morelia Mexique
13%
2019 Ambon Indonésie
0%
2019 Vranje Serbie
0%
Aucun quiz correspondant
Distribution des résultats
% des personnes avec chaque résultat
Percentile par nombre de réponses
Votre historique - résultats
Vous n’avez pas pris ce quiz